| 000 | 01282nam a2200325 i 4500 | ||
|---|---|---|---|
| 003 | CO-BoRNBP | ||
| 005 | 20250131095158.0 | ||
| 007 | ta | ||
| 008 | 250131s2019 Uy a|||| |||| 00| 0 spa d | ||
| 020 | _a9789974904248 | ||
| 040 |
_aCO-BoRNBP _bspa _cCO-BoRNBP _erda |
||
| 082 | _2Primera edición | ||
| 084 | _aR 220.9505 J69b | ||
| 100 | 1 |
_aJoyce, Melanie _eautor _957542 |
|
| 245 | 1 |
_aMis primeras historias de la Biblia/ _cMelanie Joyce; traducción al español, Equipo Editorial Latinbooks; ilustraciones, Lynn Horrabin |
|
| 250 | _aPrimera edición | ||
| 264 | 4 |
_aMontevideo, Uruguay, _b©Latinbooks International S.A. _c2019 |
|
| 300 |
_a24 páginas, _bilustraciones a color, tapa dura, _calto 20 cm ancho 20 cm |
||
| 336 |
_2rdacontent _atexto _btxt |
||
| 337 |
_2rdamedia _asin mediación _bn |
||
| 338 |
_2rdacarrier _avolumen _bnc |
||
| 490 |
_aLuna Azul _pAlma |
||
| 520 | _aDos bellos títulos que recopilan diferentes relatos bíblicos y permiten que los más pequeños tengan un primer acercamiento a la fe. | ||
| 650 |
_2LEMB _aLiteratura infantil _92746 |
||
| 650 |
_2LEMB _aBiblia para niños _957915 |
||
| 650 |
_2LEMB _aHistorias de la Biblia _957916 |
||
| 650 |
_2LEMB _aReligión _97969 |
||
| 700 |
_aHorrabin, Lynn _eilustraciones _957917 |
||
| 942 |
_2ddc _cREF |
||
| 999 |
_c56860 _d56860 |
||